Caliche

Enregistré dans:
Détails bibliographiques
Auteur principal: González Zenteno, Luis (Auteur)
Format: Livre
Langue:espagnol
Publié: Santiago Nascimento 1954
Édition:1a. ed
Sujets:
Tags: Ajouter un tag
Pas de tags, Soyez le premier à ajouter un tag!

MARC

LEADER 00000cam a2200000 a 4500
001 UCE4543
003 CL-VaPUC
008 141030e19540000cl |||||||||||||||||spa|d
082 0 4 |a Ch863  |b GON  |2 21 
100 |a González Zenteno, Luis  |e author  |9 577099 
245 1 0 |a Caliche 
250 |a 1a. ed 
300 |a 310 p 
942 |c BK 
945 |d 20141030 14:13:00  |a dcastane 
260 |a Santiago  |b Nascimento  |c 1954 
650 0 |a Novelas chilenas   |9 265425 
650 0 |a Literatura chilena   |9 308278 
583 |a last modification  |c 20141030 14:13:00  |k Rodrigo Vera 
999 |c 357455  |d 357453 
952 |0 0  |1 0  |3 erb  |4 0  |6 CH_863_000000000000000_GON_1954  |7 0  |8 X  |9 465454  |a FDOBUD  |b FDOBUD  |i 5106214  |o Ch863 GON 1954  |p 5106214  |r 2019-11-23  |w 2019-11-23  |y BK_X  |z Catalogado en:20141030  |k BUD